000 00276nam a22001217a 4500
020 _a81-8388-313-3
082 _a000
_bSPI/B
100 _aSPIDER BOOKS
245 _aMY PRE-SCHOOL BOOK OF BIRDS
260 _aCHENNAI
_bSPIDER BOOKS
650 _aPICTURE BOOK
_zINDIA
942 _cBK
999 _c4680
_d4680